| 000 | 00489am a2200181a 44500 | ||
|---|---|---|---|
| 005 | 20160503145304.0 | ||
| 008 | 150227b xxu||||| |||| 00| 0 ES d | ||
| 041 | _aspa | ||
| 082 |
_aR 413.1 _bD554d |
||
| 245 | _aThe Merriam-Webster dictionary of synonyms and antonyms | ||
| 260 |
_aEstados Unidos _bMerriam-Webster _c1992 |
||
| 300 | _a443 páginas | ||
| 650 |
_aSINONIMOS _98977 |
||
| 650 |
_aANTONIMOS _98978 |
||
| 650 |
_aDICCIONARIOS _91516 |
||
| 650 |
_aINGLES _92062 |
||
| 942 | _cBK | ||
| 999 |
_c4697 _d4697 |
||